Lógica digital y microprogramable (Registro nro. 1173)
[ vista simple ]
| 000 -Cabecera | |
|---|---|
| Campo de control de longitud fija | 00906aam a2200349 4500 |
| 005 - Fecha y hora de la última transacción | |
| Campo de control | 20230831131645.0 |
| 008 - Elementos de longitud fija--Información general | |
| Campo de control de longitud fija | 150604b2000 xxu||||| |||| 00| 0 spa d |
| 020 ## - International Standard Book Number | |
| Número Internacional Estándar del Libro (ISBN) | 9788428327244 |
| 041 ## - Idioma | |
| Código de idioma | Español |
| 082 ## - Clasificación Decimal Dewey | |
| Número de clasificación | 621.381.5 S486l |
| 100 ## - Entrada principal--Autor personal | |
| Nombre personal | Serna Ruíz, Antonio |
| 100 ## - Entrada principal--Autor personal | |
| Nombre personal | García Gil, José Vicente |
| 245 ## - Título propiamente dicho | |
| Título | Lógica digital y microprogramable |
| 260 ## - Pie de imprenta | |
| Lugar de publicación, distribución, etc. | México |
| 260 ## - Pie de imprenta | |
| Nombre del editor, distribuidor, etc. | Paraninfo |
| 260 ## - Pie de imprenta | |
| Fecha de publicación, distribución, etc. | 2000 |
| 300 ## - Descripción física | |
| Extensión | 277 páginas |
| 650 ## - Materia general | |
| Temática (materia general) | ELECTRÓNICA |
| 650 ## - Materia general | |
| Temática (materia general) | ELECTRÓNICA DIGITAL |
| 650 ## - Materia general | |
| Temática (materia general) | FUNCIONES LÓGICAS |
| 650 ## - Materia general | |
| Temática (materia general) | CODIFICADORES |
| 650 ## - Materia general | |
| Temática (materia general) | MULTIPLEXORES |
| 650 ## - Materia general | |
| Temática (materia general) | MULTIVIBRADORES |
| 650 ## - Materia general | |
| Temática (materia general) | LÓGICA SECUENCIAL |
| 650 ## - Materia general | |
| Temática (materia general) | REGISTROS |
| 650 ## - Materia general | |
| Temática (materia general) | CONTADORES |
| 650 ## - Materia general | |
| Temática (materia general) | SISTEMAS MICROPROGRAMABLES |
| 650 ## - Materia general | |
| Temática (materia general) | MICROCONTROLADORES |
| 650 ## - Materia general | |
| Temática (materia general) | MICROPROCESADORES |
| 942 ## - Punto de acceso adicional KOHA | |
| Tipo de ítem KOHA | Libro |
| Fuente del sistema de clasificación o colocación | Dewey Decimal Classification |
| Signatura completa | Código de barras | Programa Académico | Tipo de ítem |
|---|---|---|---|
| 621.381.5 S486l | 9994 | Electrónica | Libro |